SÍNTESE da história do carnaval carioca (Record no. 141485)

MARC details
000 -LÍDER
campo de controle de tamanho fixo 00513 a2200157 4500
001 - NÚMERO DE CONTROLE
campo de controle 141485
040 ## - FONTE DA CATALOGAÇÃO
Instituição que transcreveu o registro Leonardo Da Vinci
082 ## - CDD - CLASSIFICAÇÃO DECIMAL DE DEWEY
Número de Classificação 394.2 S625s
Número do exemplar S625s
245 ## - TÍTULO
Título SÍNTESE da história do carnaval carioca
260 ## - PUBLICAÇÃO, DISTRIBUIÇÃO, ETC.
Nome do editor, distribuidor, etc. Instituto Estadual do Patrimônio Cultural
Data da publicação, distribuição, etc. 1986
Local de publicação, distribuição, etc. Rio de Janeiro
300 ## - DESCRIÇÃO FÍSICA
Extensão 56
362 ## - DATAS DE PUBLICAÇÃO E/OU DESIGNAÇÃO SEQUENCIAL
Datas de publicação e/ou designação sequencial 19860000
500 ## - NOTA GERAL
Nota geral Governo do Estado do Rio de Janeiro
697 ## - ENTRADA DE ASSUNTO LOCAL--ENTIDADE COLETIVA (RLIN)
Nome corporativo ou nome da jurisdição Artes
-- Folclore
-- Cultura popular
-- Brasil
-- Festa
-- Festa popular
-- Carnaval
-- Música
-- Rio de Janeiro
942 ## - ELEMENTOS DE ENTRADA ADICIONADOS (KOHA)
Tipo de material Koha Livros
Holdings
Situação do descarte Situação das perdas Situação física Não pode ser emprestado Biblioteca de origem Biblioteca atual Data de aquisição Total de empréstimos Número de chamada completo Código de barras Data de último acesso Data do preço efetivo Tipo de material Koha
        Leonardo Da Vinci - Osasco Leonardo Da Vinci - Osasco 27/03/2024   394.2 S625s O005343 27/03/2024 27/03/2024 Livros